000 00696nam a2200253Ia 4500
003 OSt
005 20220927105540.0
006 a|||||r|||| 00| 0
007 ta
008 220926b |||||||| |||| 00| 0 eng d
024 _a173028
037 _cReference Collections
040 _aRTL
_cRTL
_beng
041 _2eng
_aeng
082 _a"V2,31p.N79, L9.108-26"
110 _aRajya Sabha.
_9373166
245 0 _aOfficial Report.
260 _aNew
_bDelhi Rajya Sabha Secretariat.
_c1979
300 _a222p.
_ccm.
490 _vVol 108; no.26
700 _aRajya Sabha.
_9373167
942 _h"V2,31p.N79, L9.108-26"
_cCC
999 _c692998
_d692998